Länder Europas / Sudden Death - Statistiken

Allgemein
  • Dieses Quiz wurde 149 mal gespielt
  • Das Durchschnittsergebnis liegt bei 33 aus 47
Answers on the Grid
Answers color-coded by a green-red scale on the quiz's grid according to % correct below.
Dänemark
Estland
Finnland
Island
Lettland
Litauen
Norwegen
Schweden
Belgien
Frankreich
Irland
Luxemburg
Monaco
Niederlande
Vereinigtes Königreich
Deutschland
Polen
Liechtenstein
Österreich
Schweiz
Slowakei
Tschechien
Ungarn
Belarus
Bulgarien
Moldawien
Rumänien
Russland ( Teilweise )
Ukraine
Albanien
Andorra
Bosnien und Herzegowina
Griechenland
Italien
Kosovo
Kroatien
Malta
Montenegro
Nordmazedonien
Portugal
San Marino
Serbien
Slowenien
Spanien
Türkei ( Teilweise )
Vatikanstadt
Zypern
Marzedonien
Albonien
Marrakesch
Cervela
San Monaco
Di Fedrio Kampagnga
Israel
West Bank
Korw
Schlawenka
Marxis
Nord Wegen
Grönland
Amman
Nordstrom
Georgien
Ukrainischer Staat
China Volksrepublik
Terze
Rom
Zürich
 
Antwortstatistiken
Antwort % Korrekt
Schweiz
76%
Niederlande
75%
Schweden
75%
Belgien
74%
Bosnien und Herzegowina
74%
Rumänien
74%
Tschechien
74%
Dänemark
73%
Norwegen
73%
Spanien
73%
Ungarn
73%
Finnland
72%
Frankreich
72%
Italien
72%
Lettland
72%
Litauen
72%
Montenegro
72%
Polen
72%
San Marino
72%
Ukraine
72%
Deutschland
70%
Griechenland
70%
Island
70%
Kroatien
70%
Portugal
70%
Slowakei
70%
Vatikanstadt
70%
Vereinigtes Königreich
70%
Andorra
69%
Belarus
69%
Kosovo
69%
Luxemburg
69%
Malta
69%
Monaco
69%
Serbien
69%
Albanien
68%
Bulgarien
68%
Estland
68%
Irland
68%
Liechtenstein
68%
Österreich
68%
Slowenien
68%
Türkei ( Teilweise )
68%
Nordmazedonien
66%
Russland ( Teilweise )
66%
Moldawien
65%
Zypern
53%
Keine übereinstimmenden Quizze gefunden
Verteilung der Resultate
Anzahl Personen mit jedem Resultat
Perzentil nach korrekt beantworteten Fragen
Ihre Resultats-Entwicklung
Sie haben dieses Quiz noch nicht gespielt